| Tag |
First Indicator |
Second Indicator |
Subfields |
| LEADER |
00000cgm a2200000Mi 4500 |
| 001 |
in00005582425 |
| 006 |
m o c |
| 007 |
cr |n||||||||a |
| 007 |
vz |za|z| |
| 008 |
170228s2010 cau003 e o vueng d |
| 005 |
20241201232746.9 |
| 035 |
|
|
|a (OCoLC)ocn981562641
|
| 040 |
|
|
|a ALSTP
|b eng
|e rda
|e pn
|c ALSTP
|d OCLCO
|d OCLCF
|d OCLCQ
|d OCLCO
|d OCLCA
|d OCLCO
|d OCLCQ
|
| 035 |
|
|
|a (OCoLC)981562641
|
| 049 |
|
|
|a TXAM
|
| 245 |
0 |
0 |
|a Nursing Assistant.
|p Understanding Skin Breakdown.
|p Skin Inspection /
|c [produced by Medcom, Inc.].
|
| 264 |
|
1 |
|a [Cypress, California] :
|b Medcom,
|c [2010]
|
| 300 |
|
|
|a 1 online resource (3 min.)
|
| 306 |
|
|
|a 000246
|
| 336 |
|
|
|a two-dimensional moving image
|b tdi
|2 rdacontent
|
| 337 |
|
|
|a video
|b v
|2 rdamedia
|
| 337 |
|
|
|a computer
|b c
|2 rdamedia
|
| 338 |
|
|
|a other
|b vz
|2 rdacarrier
|
| 338 |
|
|
|a online resource
|b cr
|2 rdacarrier
|
| 347 |
|
|
|a data file
|2 rda
|
| 500 |
|
|
|a Title from resource description page (viewed February 28, 2017).
|
| 520 |
|
|
|a This instructional video, from the Nursing Assistant series produced by Medcom, Inc., is about skin inspection.
|
| 546 |
|
|
|a In English.
|
| 650 |
|
0 |
|a Long-term care facilities
|x Administration.
|
| 650 |
|
0 |
|a Skin
|x Care and hygiene.
|
| 650 |
|
0 |
|a Skin
|x Examination.
|
| 650 |
|
0 |
|a Nurses' aides
|x Training of.
|
| 650 |
|
6 |
|a Établissements de soins de longue durée
|x Administration.
|
| 650 |
|
6 |
|a Peau
|x Soins et hygiène.
|
| 650 |
|
7 |
|a Long-term care facilities
|x Administration.
|2 fast
|0 (OCoLC)fst01002282
|
| 650 |
|
7 |
|a Nurses' aides
|x Training of.
|2 fast
|0 (OCoLC)fst01041723
|
| 650 |
|
7 |
|a Skin
|x Care and hygiene.
|2 fast
|0 (OCoLC)fst01120064
|
| 650 |
|
7 |
|a Skin
|x Examination.
|2 fast
|0 (OCoLC)fst01120090
|
| 655 |
|
7 |
|a Film excerpts.
|2 fast
|0 (OCoLC)fst01726130
|
| 655 |
|
7 |
|a Instructional films.
|2 fast
|0 (OCoLC)fst01726236
|
| 655 |
|
7 |
|a Instructional films.
|2 lcgft
|
| 655 |
|
7 |
|a Film excerpts.
|2 lcgft
|
| 655 |
|
7 |
|a Films de formation.
|2 rvmgf
|
| 710 |
2 |
|
|a Medcom, inc.,
|e production company.
|
| 856 |
4 |
0 |
|u http://proxy.library.tamu.edu/login?url=https://www.aspresolver.com/aspresolver.asp?MARC;3371079
|z Connect to this streaming video (Alexander Street Press)
|t 0
|
| 955 |
|
|
|a Alexander Street Press subscription streaming video
|
| 994 |
|
|
|a 92
|b TXA
|
| 999 |
f |
f |
|s 0a01140b-812b-49cd-b628-99ea5e6a210c
|i c29b712c-37b9-4420-a460-a149886ada45
|t 0
|
| 952 |
f |
f |
|a Texas A&M University
|b College Station
|c Electronic Resources
|d Available Online
|t 0
|h Library of Congress classification
|
| 998 |
f |
f |
|t 0
|l Available Online
|